| 000 | 00505nam a2200169 a 4500 | ||
|---|---|---|---|
| 001 | 2233 | ||
| 005 | 20140414131954.0 | ||
| 008 | 001115s19uu xx 00 eng d | ||
| 020 | _a06-521155-3 | ||
| 050 |
_aTR 421.07 _bP31 1975 |
||
| 100 | _aPescololido, John | ||
| 245 |
_aPathways to spelling, F / _cJohn Pescosolido, Lucy Bragg. |
||
| 260 |
_aNew York : _bHarper and Row, _c1975. |
||
| 300 | _a176 p. : ill. ; cm. | ||
| 650 | _aEnglish language -- spelling -- study and teaching. | ||
| 999 |
_c112871 _d112871 |
||